Famous People Who Died in the 2020's - Picture Quiz - Statistics

General Stats
  • This quiz has been taken 115 times
  • The average score is 12 of 20
Answer Stats
Picture Answer % Correct
Queen Elizabeth II
97%
Kobe Bryant
89%
Jimmy Carter
88%
Pelé
70%
Sean Connery
70%
Mathew Perry
69%
Maggie Smith
68%
Prince Philip
67%
Mikhail Gorbachev
66%
Diego Maradona
60%
Chadwick Boseman
56%
Pope Benedict XVI
55%
James Earl Jones
54%
Olivia Newton-John
52%
Liam Payne
49%
Larry King
46%
Coolio
40%
Eddie Van Halen
38%
Bob Barker
31%
Franz Beckenbauer
31%
No matching quizzes found
Score Distribution
Percent of People with Each Score
Percentile by Number Answered
Your Score History
You have not taken this quiz